Spezia Calcio Squad 2021-2022 - Statistics

General Stats
  • This quiz has been taken 62 times
  • The average score is 16 of 30
Answer Stats
# Position Nation Player % Correct
18 FW Angola M'Bala Nzola
95%
1 GK Netherlands Jeroen Zoet
89%
10 FW Italy Daniele Verde
86%
- Coach Italy Thiago Motta
80%
11 FW Ghana Emmanuel Gyasi
77%
25 MF Italy Giulio Maggiore
77%
8 MF Ukraine Viktor Kovalenko
77%
94 GK Italy Ivan Provedel
75%
28 DF Croatia Martin Erlić
73%
21 DF Spain Salva Ferrer
66%
20 DF Italy Simone Bastoni
64%
33 FW Colombia Kevin Agudelo
61%
6 MF Morocco Mehdi Bourabia
59%
54 FW Albania Rey Manaj
57%
22 FW France Janis Antiste
55%
14 DF Poland Jakub Kiwior
52%
13 DF Poland Arkadiusz Reca
50%
19 FW Gambia Ebrima Colley
45%
27 DF France Kelvin Amian
43%
43 DF Greece Dimitrios Nikolaou
41%
15 DF Bulgaria Petko Hristov
41%
7 DF Italy Jacopo Sala
34%
17 FW Israel Suf Podgoreanu
34%
88 MF Brazil Léo Sena
30%
44 FW Slovakia David Strelec
25%
40 GK Bosnia and Herzegovina Petar Zovko
23%
31 MF Sweden Aimar Sher
16%
99 FW Italy Diego Zuppel
11%
77 DF Italy Nicolò Bertola
11%
80 MF Italy Niccolò Pietra
9%
No matching quizzes found
Score Distribution
Percent of People with Each Score
Percentile by Number Answered
Your Score History
You have not taken this quiz